Testimonies of the Global Tribunal on Violations of Women's Human Rights at the United Nations World Conference on Human Rights, Vienna, June 1993 (Record no. 161)

MARC details
000 -LEADER
fixed length control field 007930000a22002050004500
003 - CONTROL NUMBER IDENTIFIER
control field LK-CoMWRAF
008 - FIXED-LENGTH DATA ELEMENTS--GENERAL INFORMATION
fixed length control field 230817t1994 ||||| |||| 00| 0 eng d
040 ## - CATALOGING SOURCE
Original cataloging agency LK-CoMWRAF
Modifying agency LK-CoMWRAF
Description conventions LK-CoMWRAF
041 ## - LANGUAGE CODE
Language code of text/sound track or separate title English
082 ## - DEWEY DECIMAL CLASSIFICATION NUMBER
Classification number 364.1322
Item number GLO
942 ## - ADDED ENTRY ELEMENTS (KOHA)
Koha item type Conference Proceeding
111 ## - MAIN ENTRY--MEETING NAME
Meeting name or jurisdiction name as entry element GLOBAL TRIBUNAL ON VIOLATIONS ON WOMEN'S HUMAN RIGHTS
Location of meeting (Vienna,
Date of meeting June 1993)
700 ## - ADDED ENTRY--PERSONAL NAME
Personal name Reilly, Niamh
relator term compiler
245 ## - TITLE STATEMENT
Title Testimonies of the Global Tribunal on Violations of Women's Human Rights at the United Nations World Conference on Human Rights, Vienna, June 1993
260 ## - PUBLICATION, DISTRIBUTION, ETC. (IMPRINT)
Place of publication, distribution, etc. New Brunswick, N.J.:
Name of publisher, distributor, etc. Center for Women's Global Leadership,
Date of publication, distribution, etc. 1994
300 ## - PHYSICAL DESCRIPTION
Extent 80 p. : ill. ; 28 cm
650 ## - SUBJECT ADDED ENTRY--TOPICAL TERM
Topical term or geographic name as entry element Sex discrimination against women- Congresses
650 ## - SUBJECT ADDED ENTRY--TOPICAL TERM
Topical term or geographic name as entry element Women, Violence against
650 ## - SUBJECT ADDED ENTRY--TOPICAL TERM
Topical term or geographic name as entry element Women's rights
Holdings
Withdrawn status Lost status Damaged status Not for loan Permanent Location Current Location Date acquired Full call number Barcode Koha item type
        Resource center, Muslim Women's Research And Action Forum Resource center, Muslim Women's Research And Action Forum 2023-08-17 364.1322 GLO RAF3999 Conference Proceeding

Copyright © 2023 Muslim Women's Research and Action Forum (MWRAF), No 27/3, Anderson Road, Kalubowila, Dehiwela. Funded by The Asia Fundation